مكتبة جامعة عجلون الوطنية

فهرس بحث المكتبة

Normal view MARC view
  • اللغة العربية-النحو-اخبار النحويين البصريين

Entry Topical Term

Number of records used in: 1

001 - CONTROL NUMBER

  • control field: 40657

003 - CONTROL NUMBER IDENTIFIER

  • control field: JO-AjAnu

005 - DATE AND TIME OF LATEST TRANSACTION

  • control field: 20230606080743.0

008 - FIXED-LENGTH DATA ELEMENTS

  • fixed length control field: 230606|| aca||aabn | a|a d

040 ## - CATALOGING SOURCE

  • Original cataloging agency: JO-AjAnu
  • Transcribing agency: JO-AjAnu

150 ## - HEADING--TOPICAL TERM

  • Topical term or geographic name entry element: اللغة العربية-النحو-اخبار النحويين البصريين

670 ## - SOURCE DATA FOUND

  • Source citation: Work cat.: (JO-AjAnu)20840: تاليف عبد الله السيرافي، أبي سعيد الحسن؛ تحقيق محمد ابراهيم البنا, author 40656, أخبار النحويين البصريين ومراتبهم واخذ بعضهم عن بعض